[Event "Portoroz op 10th"]
[Site "Portoroz"]
[Date "2016.07.26"]
[Round "5"]
[White "Vidic, Miha"]
[Black "Urbanc, Peter"]
[Result "1/2-1/2"]
[WhiteElo "2080"]
[BlackElo "2262"]
[PlyCount "86"]
[EventDate "2016.07.23"]
[EventType "swiss"]
[EventRounds "9"]
[EventCountry "SLO"]
[SourceTitle "CBM 173 Extra"]
[Source "ChessBase"]
[SourceDate "2016.08.29"]
[SourceVersion "1"]
[SourceVersionDate "2016.08.29"]
[SourceQuality "1"]

1. d4 e6 2. c4 f5 3. g3 Nf6 4. Bg2 d5 5. Nf3 Bd6 6. 0-0 0-0 7. b3 c6 8. Ba3 Bxa3 9. Nxa3 Qe7 10. Nc2 Nbd7 11. Nce1 b6 12. Nd3 Bb7 13. Rc1 Rac8 14. Nfe5 Nxe5 15. Nxe5 c5 16. cxd5 exd5 17. e3 Ne4 18. Nf3 c4 19. bxc4 dxc4 20. Nd2 Bd5 21. Nxe4 fxe4 22. Qa4 c3 23. Rfd1 Qb7 24. Bf1 Qf7 25. Rc2 Rc6 26. Ba6 Rh6 27. h4 Qf3 28. Rf1 Rxh4 29. gxh4 Qg4+ 30. Kh2 Qxh4+ 31. Kg2 Qg4+ 32. Kh2 Qh5+ 33. Kg2 Rf6 34. Rfc1 Rg6+ 35. Kf1 Qh1+ 36. Ke2 Qh5+ 37. Ke1 Rg1+ 38. Bf1 Rxf1+ 39. Kxf1 Qh1+ 40. Ke2 Qf3+ 41. Ke1 Qh1+ 42. Ke2 Qf3+ 43. Ke1 Qh1+ 1/2-1/2

[Event "Portoroz op 10th"]
[Site "Portoroz"]
[Date "2016.07.25"]
[Round "4"]
[White "Vojtek, Vladimir"]
[Black "Vidic, Miha"]
[Result "1/2-1/2"]
[WhiteElo "2274"]
[BlackElo "2080"]
[PlyCount "92"]
[EventDate "2016.07.23"]
[EventType "swiss"]
[EventRounds "9"]
[EventCountry "SLO"]
[SourceTitle "CBM 173 Extra"]
[Source "ChessBase"]
[SourceDate "2016.08.29"]
[SourceVersion "1"]
[SourceVersionDate "2016.08.29"]
[SourceQuality "1"]

1. e4 c5 2. Nf3 e6 3. d4 cxd4 4. Nxd4 Nc6 5. Be3 Nf6 6. Bd3 d5 7. Nd2 e5 8. Nxc6 bxc6 9. exd5 cxd5 10. c4 Be7 11. Bg5 0-0 12. Bxf6 Bxf6 13. cxd5 Be7 14. Nc4 Bb4+ 15. Kf1 Re8 16. Qc2 Qh4 17. Ne3 Bd7 18. Qc4 Qe7 19. Bf5 Rac8 20. Qe2 Bxf5 21. Nxf5 Qg5 22. Ne3 Re7 23. g3 Rd7 24. Kg2 Rcd8 25. Rac1 f5 26. h4 Qf6 27. Rhd1 f4 28. Rc6 Qf7 29. gxf4 exf4 30. Ng4 Rxd5 31. Rxd5 Qxd5+ 32. Qf3 h6 33. Qxd5+ Rxd5 34. Rxh6 Ra5 35. Rc6 Rxa2 36. Rc8+ Kh7 37. Rc7 a5 38. h5 Rxb2 39. h6 Bf8 40. Rf7 Rb8 41. Ra7 Rb5 42. Kf3 Kg6 43. Ra6+ Kh7 44. Ra7 Kg6 45. Ra6+ Kh7 46. Ra7 Kg6 1/2-1/2

[Event "Portoroz op 10th"]
[Site "Portoroz"]
[Date "2016.07.24"]
[Round "2"]
[White "Vidic, Miha"]
[Black "Sielecki, Christof"]
[Result "1-0"]
[WhiteElo "2080"]
[BlackElo "2444"]
[PlyCount "117"]
[EventDate "2016.07.23"]
[EventType "swiss"]
[EventRounds "9"]
[EventCountry "SLO"]
[SourceTitle "CBM 173 Extra"]
[Source "ChessBase"]
[SourceDate "2016.08.29"]
[SourceVersion "1"]
[SourceVersionDate "2016.08.29"]
[SourceQuality "1"]

1. d4 Nf6 2. Nf3 e6 3. c4 Nc6 4. a3 d6 5. Nc3 g6 6. g3 Bg7 7. Bg2 0-0 8. 0-0 a6 9. h3 Rb8 10. e4 b5 11. cxb5 axb5 12. b4 Nd7 13. Re1 h6 14. Be3 Na7 15. Qd3 Nb6 16. Nd2 Bd7 17. Rac1 d5 18. e5 Nc4 19. Nxc4 bxc4 20. Qd2 Kh7 21. Ra1 Nc6 22. Reb1 f6 23. f4 fxe5 24. fxe5 Ne7 25. h4 Nf5 26. Bf4 Qe7 27. Rf1 Rf7 28. Rf2 Rbf8 29. Raf1 Qd8 30. Ne2 Qa8 31. Qc3 Qa7 32. Kh2 Ne7 33. Rf3 Ba4 34. Bh3 Nf5 35. Bc1 c6 36. Rf4 h5 37. R4f3 Re8 38. g4 hxg4 39. Bxg4 Rh8 40. Bg5 Kg8 41. Kg2 Bf8 42. Bf6 Rxf6 43. exf6 Rxh4 44. Bxf5 exf5 45. Rh3 Rxh3 46. Qxh3 Bc2 47. Qg3 Be4+ 48. Kf2 Kf7 49. Rg1 f4 50. Qxf4 Qxa3 51. Qc7+ Kxf6 52. Qxc6+ Kf7 53. Rf1 Kg7 54. Qd7+ Kh6 55. Qf7 Bd6 56. Qf6 Bxb4 57. Qh8+ Kg5 58. Rg1+ Kf5 59. Qe5# 1-0

[Event "SLO-CupT"]
[Site "Portoroz"]
[Date "2016.03.12"]
[Round "3"]
[White "Lucovnik, Tilen"]
[Black "Vidic, Miha"]
[Result "1/2-1/2"]
[WhiteElo "2054"]
[BlackElo "2089"]
[PlyCount "94"]
[EventDate "2016.03.11"]
[EventType "team-swiss"]
[EventRounds "5"]
[EventCountry "SLO"]
[SourceTitle "EXT 2019"]
[Source "ChessBase"]
[SourceDate "2018.10.10"]
[SourceVersion "1"]
[SourceVersionDate "2018.10.10"]
[SourceQuality "1"]
[WhiteTeam "Komenda"]
[BlackTeam "Piran"]
[WhiteTeamCountry "SLO"]
[BlackTeamCountry "SLO"]

1. e4 e5 2. Nf3 Nc6 3. d4 exd4 4. Nxd4 Nf6 5. Nc3 Bb4 6. Nxc6 bxc6 7. Bd3 0-0 8. 0-0 d5 9. exd5 cxd5 10. h3 c6 11. Qf3 h6 12. Bf4 Bd6 13. Rfe1 Rb8 14. b3 Be6 15. Ne2 c5 16. Bxd6 Qxd6 17. Qf4 Rfd8 18. Qxd6 Rxd6 19. Nf4 g5 20. Nxe6 Rxe6 21. Bf5 Rxe1+ 22. Rxe1 Re8 23. Kf1 Kg7 24. c3 Rxe1+ 25. Kxe1 Ng8 26. b4 c4 27. a4 Kf6 28. Bc8 Ke5 29. Ba6 Nf6 30. f3 Nh5 31. a5 Nf4 32. g3 Ne6 33. Kd2 f5 34. Bc8 Nc7 35. Bd7 a6 36. Ke3 f4+ 37. gxf4+ gxf4+ 38. Kd2 d4 39. Bc6 Kd6 40. Bb7 d3 41. Bc8 Kc6 42. Bf5 Kd5 43. Bc8 Kc6 44. Bf5 Kd5 45. Bc8 Ke5 46. Bb7 Kd6 47. Bc8 Kc6 1/2-1/2

[Event "SLO-CupT"]
[Site "Portoroz"]
[Date "2016.03.11"]
[Round "1"]
[White "Vidic, Miha"]
[Black "Sebenik, Matej"]
[Result "0-1"]
[WhiteElo "2089"]
[BlackElo "2514"]
[PlyCount "86"]
[EventDate "2016.03.11"]
[EventType "team-swiss"]
[EventRounds "5"]
[EventCountry "SLO"]
[SourceTitle "EXT 2019"]
[Source "ChessBase"]
[SourceDate "2018.10.10"]
[SourceVersion "1"]
[SourceVersionDate "2018.10.10"]
[SourceQuality "1"]
[WhiteTeam "Piran"]
[BlackTeam "Ljubljana Duol"]
[WhiteTeamCountry "SLO"]
[BlackTeamCountry "SLO"]

1. d4 Nf6 2. Nf3 e6 3. Bg5 h6 4. Bh4 b6 5. Nbd2 Bb7 6. e3 Be7 7. Bd3 g5 8. Bg3 g4 9. Ne5 h5 10. Rg1 d6 11. Nec4 h4 12. Bf4 Rg8 13. c3 Nbd7 14. Qc2 Nh5 15. g3 Ndf6 16. e4 Nxf4 17. gxf4 Nh5 18. Be2 Nxf4 19. Bxg4 Qd7 20. 0-0-0 0-0-0 21. Kb1 Kb8 22. Bf3 Nh3 23. Rxg8 Rxg8 24. Nb3 Qb5 25. Ne3 Qg5 26. d5 Qf4 27. Nd4 Bf6 28. Bg2 Nxf2 29. Rf1 Qxe3 30. Qxf2 Qxf2 31. Rxf2 Bxd4 32. cxd4 exd5 33. exd5 Rg4 34. Kc2 Rxd4 35. Rxf7 Bxd5 36. Rf8+ Kb7 37. Kc3 c5 38. Rf7+ Kc6 39. Bxd5+ Kxd5 40. Rxa7 Rf4 41. Rb7 Rf3+ 42. Kd2 Rf2+ 43. Ke3 Rxb2 0-1

[Event "SLO-chT1 West"]
[Site "Ljubljana"]
[Date "2015.10.16"]
[Round "1"]
[White "Vidic, Miha"]
[Black "Leonardi, Caterina"]
[Result "1-0"]
[WhiteElo "2105"]
[BlackElo "2048"]
[PlyCount "73"]
[EventDate "2015.10.16"]
[EventType "team-tourn"]
[EventRounds "9"]
[EventCountry "SLO"]
[SourceTitle "EXT 2019"]
[Source "ChessBase"]
[SourceDate "2018.10.10"]
[SourceVersion "1"]
[SourceVersionDate "2018.10.10"]
[SourceQuality "1"]
[WhiteTeam "Piran"]
[BlackTeam "Komenda"]
[WhiteTeamCountry "SLO"]
[BlackTeamCountry "SLO"]

1. d4 d5 2. c4 c6 3. Nf3 Nf6 4. Nc3 a6 5. e3 b5 6. b3 Bg4 7. Be2 bxc4 8. bxc4 dxc4 9. 0-0 Qa5 10. Bd2 Bxf3 11. Bxf3 e6 12. Nd5 Qd8 13. Nxf6+ gxf6 14. Qa4 Qc7 15. Ba5 Qd6 16. Rac1 Be7 17. Bb4 Qc7 18. Bxe7 Kxe7 19. Rxc4 Rc8 20. d5 a5 21. dxe6 fxe6 22. Rfc1 Ra6 23. Rh4 Kf8 24. Qd4 Qe7 25. Be4 Rd8 26. Qc3 e5 27. Rxh7 Qb4 28. Rh8+ Ke7 29. Rxd8 Qxc3 30. Rxc3 Kxd8 31. h4 Rb6 32. h5 Ke8 33. Bg6+ Kf8 34. Rd3 Ke7 35. h6 Nd7 36. Bf5 Nc5 37. Rd8 1-0

[Event "Skopje Karposh op"]
[Site "Skopje"]
[Date "2015.04.01"]
[Round "7"]
[White "Vidic, Miha"]
[Black "Gulden, Egemen"]
[Result "1/2-1/2"]
[WhiteElo "2112"]
[BlackElo "1803"]
[PlyCount "51"]
[EventDate "2015.03.27"]
[EventType "swiss"]
[EventRounds "9"]
[EventCountry "MKD"]
[SourceTitle "CBM 165 Extra"]
[Source "ChessBase"]
[SourceDate "2015.04.21"]
[SourceVersion "1"]
[SourceVersionDate "2015.04.21"]
[SourceQuality "1"]

1. d4 g6 2. c4 Bg7 3. Nf3 d6 4. Nc3 Nc6 5. d5 Nb8 6. e4 e5 7. b4 f5 8. Nd2 Nf6 9. c5 0-0 10. cxd6 cxd6 11. Be2 Nbd7 12. 0-0 Nb6 13. a4 f4 14. a5 Nbd7 15. Nb5 Ne8 16. Bg4 Ndf6 17. Bxc8 Qxc8 18. Bb2 g5 19. Qe2 g4 20. Rfc1 Qd7 21. f3 Rf7 22. a6 gxf3 23. gxf3 Bf8 24. Kh1 Kh8 25. axb7 Qxb7 26. Rc6 1/2-1/2

[Event "SLO-chT1 West"]
[Site "Ljubljana"]
[Date "2014.10.24"]
[Round "7.5"]
[White "Vidic, Miha"]
[Black "Ciglic, Boris"]
[Result "1-0"]
[WhiteElo "2108"]
[BlackElo "2086"]
[PlyCount "53"]
[EventDate "2014.10.03"]
[EventType "team-tourn"]
[EventRounds "9"]
[EventCountry "SLO"]
[SourceTitle "EXT 2019"]
[Source "ChessBase"]
[SourceDate "2018.10.10"]
[SourceVersion "1"]
[SourceVersionDate "2018.10.10"]
[SourceQuality "1"]
[WhiteTeam "Piran"]
[BlackTeam "Gorenjka Lesce"]
[WhiteTeamCountry "SLO"]
[BlackTeamCountry "SLO"]

1. d4 Nf6 2. Nf3 g6 3. c4 Bg7 4. g3 d6 5. Bg2 0-0 6. 0-0 Nbd7 7. Nc3 e5 8. e4 exd4 9. Nxd4 Re8 10. h3 Nc5 11. Re1 a5 12. Ndb5 Bd7 13. Bf4 Bc6 14. Qc2 Nfd7 15. Rad1 Ne6 16. Be3 b6 17. b3 Ndc5 18. f4 Qc8 19. Nd5 Bxd5 20. cxd5 Nf8 21. a3 Re7 22. Bd4 Qe8 23. Bxg7 Qxb5 24. Bf6 Ree8 25. Re3 Qa6 26. Bb2 Nfd7 27. e5 1-0

[Event "Trieste op 16th"]
[Site "Trieste"]
[Date "2014.08.31"]
[Round "2"]
[White "Vidic, Miha"]
[Black "Drazic, Sinisa"]
[Result "0-1"]
[WhiteElo "2100"]
[BlackElo "2433"]
[PlyCount "276"]
[EventDate "2014.08.30"]
[EventType "swiss"]
[EventRounds "9"]
[EventCountry "ITA"]
[SourceTitle "CBM 162 Extra"]
[Source "ChessBase"]
[SourceDate "2014.10.17"]
[SourceVersion "1"]
[SourceVersionDate "2014.10.17"]
[SourceQuality "1"]

1. d4 g6 2. c4 Bg7 3. e4 d6 4. Nc3 e5 5. Be3 Nc6 6. d5 Nce7 7. Nge2 f5 8. f3 Nf6 9. Qd2 0-0 10. h3 f4 11. Bf2 g5 12. 0-0-0 Ng6 13. Kb1 Rf7 14. Nc1 Bf8 15. Be2 Rg7 16. b4 Nh4 17. Bf1 Nh5 18. Nb3 Qf6 19. Ne2 Bd7 20. Kb2 Be8 21. Rc1 a6 22. Rg1 c6 23. Bxh4 gxh4 24. Nc3 Qd8 25. Bd3 Qb6 26. a3 Qe3 27. Rce1 Qxd2+ 28. Nxd2 Be7 29. Nb3 Rc8 30. Re2 Nf6 31. Rc2 Kf8 32. Rgc1 Nd7 33. Bf1 Rg6 34. Ka2 Bf7 35. Nb1 Ke8 36. Na5 Rc7 37. Kb2 Nb6 38. Nc3 c5 39. Ka2 Bd8 40. Nd1 Re7 41. Nb2 Nc8 42. Nb3 b6 43. b5 Ra7 44. a4 Kf8 45. Nd2 Rg7 46. Nb1 Be8 47. Kb3 Ra8 48. Nc3 Ne7 49. Ne2 Ng8 50. Nc3 Nf6 51. Nbd1 Rg3 52. Kb2 Bd7 53. Ne2 Rg7 54. Nec3 Ke8 55. Ra1 Bc7 56. Ra2 Ke7 57. Ne2 Ng8 58. Nec3 Nh6 59. Ne2 Nf7 60. Kb3 Ng5 61. Kb2 Rgg8 62. Kb3 Ra7 63. Rcb2 Rga8 64. Ng1 Nf7 65. Ne2 Nd8 66. Ndc3 Nb7 67. Nc1 Rg8 68. Nd1 Kf6 69. Kc3 Rg3 70. Ne2 Rg7 71. Nc1 Ra8 72. Ne2 Ke7 73. Kb3 Kd8 74. Kc3 Kc8 75. Kb3 Na5+ 76. Kc3 Kb7 77. Ng1 Rag8 78. Rd2 Ka7 79. Rdb2 Bd8 80. Rd2 Kb7 81. Rdb2 Rg3 82. Rd2 Bf6 83. Rf2 Kc7 84. Rfb2 Nb7 85. Ra1 Ra8 86. Raa2 Rb8 87. Ra1 Rc8 88. Raa2 Rcg8 89. Rf2 a5 90. Rad2 Nd8 91. Kb2 Nf7 92. Nc3 R3g7 93. Rc2 Kd8 94. Rfd2 Ke7 95. Kb3 Rg3 96. Kb2 Bg7 97. Kb1 Bh6 98. Rf2 Nh8 99. Ra2 Ng6 100. Rae2 Nf8 101. Ra2 Be8 102. Rac2 Nd7 103. Ra2 Nf6 104. Rfb2 Nh5 105. Bd3 Bd7 106. Ka1 R3g6 107. Kb1 Ng3 108. Rc2 Bf8 109. Rcb2 Nh5 110. Bf1 Kf7 111. Rc2 Be7 112. Bd3 Rg3 113. Bf1 Nf6 114. Bd3 h6 115. Bf1 Nh7 116. Bd3 Ng5 117. Bf1 Nxh3 118. Nxh3 Bxh3 119. gxh3 Rxf3 120. Be2 Rg1+ 121. Kb2 Rxh3 122. Bh5+ Kf8 123. Rf2 Rg5 124. Be2 Kg7 125. Ra1 Rgg3 126. Rc1 Kg6 127. Rc2 f3 128. Bd3 Bg5 129. Rf1 Be3 130. Nd1 Bd4+ 131. Kc1 Kg5 132. Rd2 Kf4 133. Kc2 h5 134. Kc1 Rg1 135. Kc2 Rhh1 136. Rxg1 Rxg1 137. Nf2 Bxf2 138. Rxf2 Rg2 0-1

[Event "Skopje Karposh op"]
[Site "Skopje"]
[Date "2013.03.15"]
[Round "8"]
[White "Strugnell, Carl"]
[Black "Vidic, Miha"]
[Result "1-0"]
[WhiteElo "2301"]
[BlackElo "2096"]
[PlyCount "51"]
[EventDate "2013.03.09"]
[EventType "swiss"]
[EventRounds "9"]
[EventCountry "MKD"]
[SourceTitle "CBM 153 Extra"]
[Source "ChessBase"]
[SourceDate "2013.04.22"]
[SourceVersion "1"]
[SourceVersionDate "2013.04.22"]
[SourceQuality "1"]

1. e4 c5 2. Nc3 e6 3. Nf3 a6 4. d4 cxd4 5. Nxd4 Qc7 6. Bd3 Nf6 7. 0-0 b5 8. Re1 d6 9. a4 b4 10. Na2 d5 11. exd5 Nxd5 12. Qh5 Nf6 13. Qh4 Be7 14. Bg5 Bb7 15. c3 bxc3 16. Nxc3 h6 17. Rac1 Qd8 18. Rcd1 Qa5 19. Nf5 Nbd7 20. Nxg7+ Kf8 21. Bxh6 Kg8 22. Nf5 Rxh6 23. Qg5+ Kf8 24. Qxh6+ Ke8 25. Qh8+ Nf8 26. Bb5+ 1-0

[Event "Skopje Karposh op"]
[Site "Skopje"]
[Date "2013.03.13"]
[Round "6"]
[White "Tesik, Csaba"]
[Black "Vidic, Miha"]
[Result "0-1"]
[WhiteElo "2366"]
[BlackElo "2096"]
[PlyCount "88"]
[EventDate "2013.03.09"]
[EventType "swiss"]
[EventRounds "9"]
[EventCountry "MKD"]
[SourceTitle "CBM 153 Extra"]
[Source "ChessBase"]
[SourceDate "2013.04.22"]
[SourceVersion "1"]
[SourceVersionDate "2013.04.22"]
[SourceQuality "1"]

1. e4 c5 2. Nf3 e6 3. d4 cxd4 4. Nxd4 a6 5. Nc3 b5 6. Bd3 Qb6 7. Nb3 Qc7 8. 0-0 Nf6 9. f4 Bb7 10. Qe2 Be7 11. e5 Nd5 12. Ne4 f5 13. exf6 Nxf6 14. Nxf6+ Bxf6 15. f5 e5 16. Qh5+ Ke7 17. Bd2 d6 18. Qe2 Nd7 19. c4 bxc4 20. Bxc4 d5 21. Bb4+ Kf7 22. Na5 Qb6+ 23. Kh1 Qxb4 24. Nxb7 Qxb7 25. Qf3 Nb6 26. Qh5+ Ke7 27. Bb3 Rac8 28. Rad1 h6 29. Qg4 Nc4 30. Qf3 Rhd8 31. Rfe1 Qc6 32. Rc1 Kf8 33. Red1 e4 34. Qe2 Qb5 35. Qe1 Nb6 36. Rxc8 Rxc8 37. Qg3 Kg8 38. h3 Kh8 39. Qd6 a5 40. Qe6 Qc6 41. Qf7 a4 42. Bxd5 Nxd5 43. Rxd5 Qc1+ 44. Kh2 Qf4+ 0-1

[Event "Skopje Karposh op"]
[Site "Skopje"]
[Date "2013.03.12"]
[Round "5"]
[White "Vidic, Miha"]
[Black "Lazov, Toni"]
[Result "1-0"]
[WhiteElo "2096"]
[BlackElo "1927"]
[PlyCount "64"]
[EventDate "2013.03.09"]
[EventType "swiss"]
[EventRounds "9"]
[EventCountry "MKD"]
[SourceTitle "CBM 153 Extra"]
[Source "ChessBase"]
[SourceDate "2013.04.22"]
[SourceVersion "1"]
[SourceVersionDate "2013.04.22"]
[SourceQuality "1"]

1. d4 Nf6 2. Nf3 g6 3. c4 Bg7 4. Nc3 d5 5. Bf4 0-0 6. e3 c5 7. dxc5 Qa5 8. Rc1 dxc4 9. Bxc4 Nc6 10. 0-0 Qxc5 11. Bb3 Qh5 12. h3 h6 13. Bg3 g5 14. Ne5 Nxe5 15. Bxe5 g4 16. Bxf6 exf6 17. Nd5 f5 18. Rc7 Qg5 19. Ne7+ Kh8 20. hxg4 fxg4 21. Qc2 Be5 22. Rxc8 Raxc8 23. Nxc8 g3 24. Nxa7 Qh5 25. fxg3 Bxg3 26. Rf5 Qh2+ 27. Kf1 Qh1+ 28. Ke2 Qxg2+ 29. Kd3 Qh1 30. Bd5 Qh4 31. Qc4 Qd8 32. Nb5 Qb6 1-0

[Event "Fiesa op 2nd"]
[Site "Fiesa"]
[Date "2012.10.27"]
[Round "2"]
[White "Jarc, Jakob"]
[Black "Vidic, Miha"]
[Result "0-1"]
[WhiteElo "1684"]
[BlackElo "2090"]
[PlyCount "68"]
[EventDate "2012.10.26"]
[EventType "swiss"]
[EventRounds "5"]
[EventCountry "SLO"]
[SourceTitle "EXT 2015"]
[Source "ChessBase"]
[SourceDate "2014.11.20"]
[SourceVersion "1"]
[SourceVersionDate "2014.11.20"]
[SourceQuality "1"]

1. e4 c5 2. Nf3 d6 3. d4 cxd4 4. Nxd4 Nf6 5. Nc3 a6 6. Bd3 g6 7. 0-0 Bg7 8. h3 0-0 9. Be3 Nc6 10. f4 Nd7 11. Nb3 b5 12. Qc1 Bb7 13. Ne2 Rc8 14. c3 Nb6 15. Qd2 Qc7 16. Ng3 Rfd8 17. Qf2 Nd7 18. f5 Nce5 19. fxg6 hxg6 20. Bd4 Rf8 21. Be2 Qb8 22. Na5 Ba8 23. h4 Nc5 24. Bxc5 dxc5 25. Nb3 c4 26. Nd4 b4 27. Rab1 Nd3 28. Bxd3 cxd3 29. h5 Qc7 30. hxg6 fxg6 31. Qe3 bxc3 32. Qxd3 Bxd4+ 33. Qxd4 Qxg3 34. Rxf8+ Rxf8 0-1

[Event "Porec op"]
[Site "Porec"]
[Date "2011.12.01"]
[Round "2"]
[White "Vidic, Miha"]
[Black "Havas, Ladislav"]
[Result "1/2-1/2"]
[WhiteElo "2068"]
[BlackElo "2280"]
[PlyCount "42"]
[EventDate "2011.12.01"]
[EventType "swiss"]
[EventRounds "7"]
[EventCountry "CRO"]
[SourceTitle "CBM 145 Extra"]
[Source "ChessBase"]
[SourceDate "2012.01.03"]
[SourceVersion "1"]
[SourceVersionDate "2012.01.03"]
[SourceQuality "1"]

1. d4 Nf6 2. c4 g6 3. Nc3 Bg7 4. e4 d6 5. Nf3 0-0 6. Be2 Bg4 7. Be3 Nfd7 8. 0-0 a6 9. d5 c5 10. Qd2 b5 11. cxb5 axb5 12. Bxb5 Bxf3 13. gxf3 Ne5 14. Be2 Qc8 15. Bh6 Qh3 16. Bxg7 Nxf3+ 17. Bxf3 Qxf3 18. Bxf8 Qg4+ 19. Kh1 Qf3+ 20. Kg1 Qg4+ 21. Kh1 Qf3+ 1/2-1/2